[Event "Høstturnering Kampen 2017"]
[Site "Kampen bydelshus, Oslo"]
[Date "2017.08.28"]
[Round "1"]
[White "Barrientos, Carlos"]
[Black "Ytteborg, Jan Henrik"]
[Result "0-1"]
[WhiteElo "1291"]
[BlackElo "1565"]

1. Nc3 e5 2. e4 Bc5 3. Bc4 Nf6 4. d3 h6 5. Be3 Bb4 6. Nf3 Nc6 7. 0-0 d6 8. Ne2 Ng4
9. Bd2 Bc5 10. Be1 f5 11. exf5 Bxf5 12. Ng3 Bd7 13. c3 Qe7 14. b4 Bb6 15. a4 a5
16. Qb3 axb4 17. cxb4 Nd4 18. Nxd4 Bxd4 19. Bc3 Qh4 20. h3 Bxf2+ 21. Rxf2 Nxf2 22.
Kxf2 Rf8+ 23. Kg1 Qxg3 24. Be6 Bc6 25. Bd5 Rf2 26. Bxc6+ bxc6 27. Qe6+ Kf8
0-1

[Event "Høstturnering Kampen 2017"]
[Site "Kampen bydelshus, Oslo"]
[Date "2017.08.28"]
[Round "1"]
[White "Farner, Geir"]
[Black "Solstad, Geir"]
[Result "1-0"]
[WhiteElo "1539"]
[BlackElo "1277"]

1. d4 Nf6 2. c4 d5 3. cxd5 Nxd5 4. Nf3 Bg4 5. Ne5 Bd7 6. Qb3 Be6 7. e4 Nb6 8. d5 Bc8 9. Nc3 a6 10. Bf4 N8d7 11. Nxd7 Bxd7 12. Be2 e6 13. 0-0 Bd6 14. e5 Be7 15. d6 cxd6 16. exd6 Bf6 17. Be3 Nd5 18. Nxd5 exd5 19. Bb6 Qc8 20. Rac1 Bc6 21. Bf3 Qe6 22. Rfe1 Be5 23. Bc5 0-0 24. Rcd1 f6 25. Bxd5 Bxd5 26. Qxd5 Qxd5 27. Rxd5 Rf7 28. d7 Rd8 29. f4 Rfxd7 30. Rxd7 Rxd7 31. fxe5 Td5 32. e6
1-0

[Event "Høstturnering Kampen 2017"]
[Site "Kampen bydelshus, Oslo"]
[Date "2017.08.28"]
[Round "1"]
[White "Berg-Olsen, Henrik Seljeset"]
[Black "Haug, Kjell M"]
[Result "0-1"]
[WhiteElo "1232"]
[BlackElo "1531"]

1.c4 e5 2.Nc3 d6 3.Nf3 Nf6 4.d4 exd4 5.Nxd4 Be7 6.g3 O-O 7.Bg2 Nbd7 8.O-O Ne5 9.b3 a6 10.Bb2 Rb8 11.Qc2 c5 12.Nf5 b5 13.cxb5 axb5 14.Ne3 Be6 15.Ncd5 Nxd5 16.Nxd5 Bxd5 17.Bxd5 Bf6 18.Rad1 Rb6 19.a4 bxa4 20.bxa4 Rxb2 21.Qxb2 Nf3+ 22.exf3 Bxb2 23.a5 Qxa5 24.Rfe1 Qc7 25.Rb1 Bf6 26.Rb7 Qc8 27.Reb1 Bd8 28.Ra7 Qf5 29.Be4 Qf6 30.Rbb7 g6 31.Kg2 Kg7 32.h4 h5 33.Kh3 d5
0-1

[Event "Høstturnering Kampen 2017"]
[Site "Kampen bydelshus, Oslo"]
[Date "2017.08.28"]
[Round "1"]
[White "Ytrestøl, Gisle"]
[Black "Skurtveit, Lasse"]
[Result "1-0"]
[WhiteElo "1487"]
[BlackElo "1223"]

1. e4 c5 2. b3 Nc6 3. Bb2 e5 4. Bc4 Nf6 5. Nc3 g6 6. f4 exf4 7. Nd5 Bg7 8. Nxf4 d6 9. Nf3 O-O 10. d3 Qe7 11. Qe2 Be6 12. Bxe6 fxe6 13. O-O e5 14. Nh3 h6 15. Bc1 Rf7 16. Be3 Raf8 17. Nh4 Kh7 18. Qf3 Qe6 19. Qg3 Qg4 20. Rf3 Qxg3 21. Rxg3 g5 22. Nf5 Ne8 23. Rf1 Ne7 24. Rxg5 hxg5 25. Nxg5+ Kg8 26. Nxf7 Rxf7 27. g4 Nxf5 28. exf5 Nf6 29. h3 Nd5 30. Bd2 Bf6 31. Kh2 Rg7 32. Kg3 Bg5 33. Bxg5 Rxg5 34. h4 Rxg4+ 35. Kxg4 Ne3+ 36. Kg5 Nxf1 37. Kf6 Ng3 38. Ke6 Kf8 39. f6 e4 40. dxe4 Nxe4 41. h5 Ng5+ 42. Kxd6 b6 43. Kc6 Ne4 44. Kb7 Nxf6 45. Kxa7 Nd5 46. c4 Nc3 47. Kxb6 Nxa2 48. Kxc5 Nc3 49. b4 Ke8 50. Kc6 Kd8 51. h6 Ne4 52. h7
1-0

[Event "Høstturnering Kampen 2017"]
[Site "Kampen bydelshus, Oslo"]
[Date "2017.08.28"]
[Round "1"]
[White "Nordsveen, Ole Kristian"]
[Black "Simonsen, Helge"]
[Result "0-1"]
[WhiteElo "1175"]
[BlackElo "1427"]

1. e4 e5 2. Nf3 Nc6 3. Bc4 Bc5 4. c3 Nf6 5. d3 d6 6. h3 h6 7. O-O O-O 8. b4 Bb6 9. a4 a5 10. b5 Ne7 11. Nh4 c6 12. Na3 d5 13. exd5 cxd5 14. Bb3 Nf5 15. Nxf5 Bxf5 16. c4 Bd4 17. Rb1 Rc8 18. Qf3 Qd7 19. cxd5 Rfe8 20. Be3 e4 21. Qd1 Bxe3 22. fxe3 exd3 23. d6 Ne4 24. Nc4 Nc3 25. Nb6 Nxd1 26. Nxd7 Nxe3 27. Rxf5 Nxf5 28. Nf6+ gxf6 29. d7 Rcd8 30. dxe8=Q+ Rxe8 31. Kf2 Re2+ 32. Kf3 Nd4+ 33. Kg3 Nxb3 34. Rxb3 d2 35. Rd3 Re3+ 36. Rxe3 d1=Q 37. Re7 Qd6+
0-1

[Event "Høstturnering Kampen 2017"]
[Site "Kampen bydelshus, Oslo"]
[Date "2017.08.28"]
[Round "1"]
[White "Kortner, Henrik"]
[Black "Kellman, Jukka M K"]
[Result "1-0"]
[WhiteElo "1424"]
[BlackElo "1158"]

1. e4 c5 2. Nf3 g6 3. d4 cxd4 4. Nxd4 Bg7 5. Nc3 Nc6 6. Be3 d6 7. Qd2 Nf6 8. f3
O-O 9. g4 Qa5 10. Nb3 Qd8 11. h4 Nd7 12. h5 Nce5 13. Be2 a5 14. Bh6 Nf6 15.
Bxg7 Kxg7 16. hxg6 fxg6 17. Qh6+ Kf7 18. Nd5 Rh8 19. Nxf6 exf6 20. O-O-O a4 21.
Nd4 a3 22. b3 Qf8 23. Qxf8+ Kxf8 24. Nb5 Ke7 25. Nxd6 Nf7 26. Nb5 Bd7 27. Nc7
Rad8 28. Nd5+ Ke6 29. Nb6 Nd6 30. Rd2 Nc8 31. Nc4 h5 32. gxh5 gxh5 33. Nxa3 Nb6
34. Nc4 Nxc4 35. Bxc4+ Ke7 36. Rg2 Rh7 37. a4 h4 38. a5 h3 39. Rgh2 Rdh8 40.
Bd5 Bc8 41. Kd2 Kd6 42. b4 Ke5 43. Ke3 Rh4 44. Rg1 R8h7 45. Rg8 Be6 46. Re8
1-0

[Event "Høstturnering Kampen 2017"]
[Site "Kampen bydelshus, Oslo"]
[Date "2017.08.28"]
[Round "1"]
[White "Wågene, Rune Arild"]
[Black "Hem, Geir"]
[Result "0-1"]
[WhiteElo "743"]
[BlackElo "1380"]

1. Nf3 d5 2. d3 Nc6 3. c3 Bf5 4. g3 e6 5. Na3 h6 6. Nc2 Bd6 7. Bg2 Nf6 8. d4 O-O 9. O-O Re8 10. Ne3 Bg6 11. b4 Ne4 12. Qb3 b5 13. Nh4 Bh7 14. Bxe4 Bxe4 15. Neg2 Ne7 16. f3 Bh7 17. f4 Nf5 18. Be3 Be7 19. Nxf5 Bxf5 20. Qd1 Qd6 21. Rf2 Qc6 22. Qe1 a5 23. a3 axb4 24. axb4 Rxa1 25. Qxa1 Ra8 26. Qb2 Qc4 27. Rf1 Ra2 28. Qc1 Bh3 29. Bf2 Qxe2 30. Qe3 Qxe3 31. Nxe3 Bxf1 32. Kxf1 f5 33. Nd1 g5 34. h3 gxf4 35. gxf4 Bd6 36. Bg3 Rd2 37. Ke1 Rg2 38. Bf2 Bxf4 39. h4 Kf7 40. h5 Rh2 41. Nb2 Rxh5 42. Nd3 Bd6 43. Ke2 Rh3 44. Be3 h5
0-1

[Event "Høstturnering Kampen 2017"]
[Site "Kampen bydelshus, Oslo"]
[Date "2017.08.28"]
[Round "2"]
[White "Ytteborg, Jan Henrik"]
[Black "Kortner, Henrik"]
[Result "0-1"]
[WhiteElo "1565"]
[BlackElo "1424"]

1. e4 c5 2. Nf3 d6 3. Bc4 g6 4. O-O Bg7 5. c3 Nc6 6. d3 Nf6 7. Bg5 O-O 8. Qc1
a6 9. a4 Be6 10. Nbd2 d5 11. Ba2 dxe4 12. Bxe6 exf3 13. Bb3 fxg2 14. Kxg2 Qxd3
15. Nf3 Qf5 16. h3 Rad8 17. Bc2 Qc8 18. Re1 Rfe8 19. Qf4 Nh5 20. Qc4 Na5 21.
Qe2 Rd5 22. Bc1 e6 23. Be4 Rd7 24. Ng5 Nb3 25. Rb1 Nxc1
0-1

[Event "Høstturnering Kampen 2017"]
[Site "Kampen bydelshus, Oslo"]
[Date "2017.08.28"]
[Round "2"]
[White "Haug, Kjell M"]
[Black "Jørgensen, Asle"]
[Result "1-0"]
[WhiteElo "1531"]
[BlackElo "1377"]

1. d4 d5 2. c4 c6 3. e3 Nf6 4. Nf3 e6 5. c5 Nbd7 6. Be2 Qc7 7. 0-0 Be7 8. a3 0-0 9. Nc3 e5 10. h3 Ne4 11. Qc2 Nxc3 12. bxc3 e4 13. Nd2 b6 14. cxb6 axb6 15. Rfe1 Ba6 16. c4 Rfc8 17. Bb2 f5 18. Rec1 Bf6 19. Bf1 Qa7 20. Qb3 Kh8 21. cxd5 c5 22. d6 Bxf1 23. Nxf1 b5 24. Ng3 c4 25. Qb4 g6 26. d5 Qa5 27. Bxf6+ Nxf6 28. Qc3 Qxd6 29. Rd1 Kg8 30. Rd4 Kf7 31. Qb2 Rab8 32. Ne2 Rc5 33. Nc3 Nd7 34. Rad1 Ne5 35. Qb4 Nd3 36. Qa5 Kg7 37. Qa7+ Kh6 38. Rb1 Rb6 39. Qf7 Rc7 40. Qe8 Re7 41. Qf8+ Kh5 42. Rxb5 Rd7 43. Qxd6 Rbxd6 44. Rxd4
1-0

[Event "Høstturnering Kampen 2017"]
[Site "Kampen bydelshus, Oslo"]
[Date "2017.08.28"]
[Round "2"]
[White "Hem, Geir"]
[Black "Ytrestøl, Gisle"]
[Result "0-1"]
[WhiteElo "1380"]
[BlackElo "1487"]

1. d4  d5 2. Bf4 c5 3. e3 Nc6 4. c3 Nf6 5. Nd2 Bf5 6. Qb3 Qd7 7. Ngf3 c4 8. Qd1 e6 9. Be2 Bd6 10. Ne5 Qc7 11. Ndf3 h6 12. Nxc6 bxc6 13. Bxd6 Qxd6 14. Ne5 O-O 15. b3 Ne4 16. Qc1 f6 17. f3 fxe5 18. fxe4 Bxe4 19. Bf1 exd4 20. exd4 Qe7 21. Qe3 cxb3 22. axb3 e5 23. dxe5 Qxe5 24. Kd2 Rad8 25. Bd3 Qd6 26. Bxe4 dxe4+ 27. Ke2 Qd3+ 28. Qxd3 exd3+ 29. Ke3 Rfe8+ 30. Kf3 d2 31. Rhd1 Re7 32. Ra2 Rd3+ 33. Kf2 Rxc3 34. Rdxd2 Rxb3 35. Rdc2 Rb6 36. g3 Kf7 37. Ra5 Ke8 38. Rca2 Rbb7 39. Ra6 c5 40. Rc6 Rbc7 41. Rxc7 Rxc7 42. Ke3 Kd7 43. Kd3 c4+ 44. Kc3 Kd6 45. Ra5 Kd7 46. Ra6 Kc8 47. Ra4 Kb8 48. Rb4+ Ka8 49. Rb5 a6 50. Rb4 Ka7 51. h4 a5 52. Rb5 Ka6 53. Rb8 Rb7 54. Ra8+ Kb5 55. Rc8 Re7 56. Rb8+ Kc5 57. Rc8+ Kd5 58. Rd8+ Ke4 59. Kxc4 Kf3 60. Rd3+ Re3 61. Rd7 Re4+ 62. Kd5 Rg4 63. Ke5 Kxg3 64. h5 Kh4 65. Kf5 Kxh5 66. Rd1 g6+ 67. Kf6 Rf4+ 68. Kg7 a4 69. Rh1+ Rh4 70. Rd1 a3 71. Rd5+ g5 72. Ra5 Rh3 73. Ra6 g4 74. Ra5+ Kh4 75. Kxh6 Kg3+ 76. Kg5 Kf2 77. Kxg4 Rf3 78. Ra4 Ke2 79. Rc4 Rd3 80. Kf4 Kd2 81. Ke4 Rc3 82. Ra4 Kc2 83. Kd4 Rb3 84. Kc4 Kb2
0-1

[Event "Høstturnering Kampen 2017"]
[Site "Kampen bydelshus, Oslo"]
[Date "2017.08.28"]
[Round "2"]
[White "Hageland, Harald"]
[Black "Barrientos, Carlos"]
[Result "0-1"]
[WhiteElo "1337"]
[BlackElo "1291"]

1. d4 f5 2. e3 e6 3. c4 Nf6 4. Nc3 a6 5. Bd3 d6 6. Nge2 b6 7. O-O Be7 8. Qc2
O-O 9. Nf4 e5 10. Nfd5 e4 11. Nxf6+ Rxf6 12. Nxe4 fxe4 13. Bxe4 c6 14. Bxh7+
Kh8 15. Bg6 Nd7 16. Qe4 Nf8 17. Qh4+ Kg8 18. Bd3 Bb7 19. f3 Rxf3 20. Qh5 Rxf1+
21. Kxf1 Bg5 22. Bd2 Qf6+ 23. Kg1 Qh6 24. Qf3 Re8 25. Rf1 Qe6 26. Kf2 Qf6 27.
Qxf6 Bxf6 28. Bc3 Nh7 29. g3 Ng5 30. Ke2 Ne4 31. Bxe4 Rxe4 32. Kd3 d5 33. b4
Rg4 34. c5 bxc5 35. bxc5 a5 36. Rb1 Ba6+ 37. Kd2 a4 38. Rb6 Bb5 39. Rb8+ Kh7
40. Ba5 Bxd4 41. exd4 Rxd4+ 42. Ke3 Re4+ 43. Kf3 Re2 44. Rxb5 Rxa2 45. h4 cxb5
0-1

[Event "Høstturnering Kampen 2017"]
[Site "Kampen bydelshus, Oslo"]
[Date "2017.08.28"]
[Round "2"]
[White "Kellman, Jukka M K"]
[Black "Berg-Olsen, Henrik Seljeset"]
[Result "0-1"]
[WhiteElo "1158"]
[BlackElo "1232"]

1. d4 Nf6 2. c4 e5 3. e3 Nc6 4. Nc3 exd4 5. exd4 Be7 6. Nf3 O-O 7. Bd3 b6 8.
O-O Bb7 9. Bg5 Re8 10. Rc1 Nh5 11. Bxe7 Qxe7 12. Bb1 Nf6 13. a3 a5 14. Qd3 g6
15. Rce1 Qd8 16. Nb5 Na7 17. Rxe8+ Nxe8 18. Nc3 d6 19. Re1 Qd7 20. Ne4 d5 21.
cxd5 Qxd5 22. Bc2 Kg7 23. Bb3 Qf5 24. Bc2 Rd8 25. Qe3 Nf6 26. Nfd2 Nb5 27. Nxf6
Qxf6 28. Nf3 Bxf3 29. gxf3 Qxd4 30. Qxd4+ Rxd4 31. Re2 Kf6 32. Kg2 Nd6 33. Be4
Nxe4 34. fxe4 Ke5 35. f3 Kf4 36. Rc2 c5 37. h3 Rd3 38. Rf2 Ke3 39. h4 Rd2 40.
Rxd2 Kxd2
0-1

[Event "Høstturnering Kampen 2017"]
[Site "Kampen bydelshus, Oslo"]
[Date "2017.08.28"]
[Round "3"]
[White "Farner, Geir"]
[Black "Ytteborg, Jan Henrik"]
[Result "1/2-1/2"]
[WhiteElo "1539"]
[BlackElo "1565"]

1. d4 d5 2. c4 Nf6 3. Nf3 e6 4. Nc3 Be7 5. Bg5 0-0 6. e3 a6 7. Qc2 dxc4 8. Bxc4 b5
9. Bd3 Nbd7 10. 0-0 Bb7 11. e4 h6 12. Bh4 c5 13. e5 Nd5 14. Bxe7 Qxe7 15. Nxd5 Bxd5
16. dxc5 Nxc5 17. Be2 Be4 18. Qd2 Na4 19. b3 Nb6 20. Qe3 Qb7 21. Rfd1 Bf5 22. Nd4
Be4 23. Bf3 Bd5 24. Rac1 Rac8 25. h3 Rfd8 26. Rxc8 Rxc8 27. Rc1 Rd8
1/2-1/2

[Event "Høstturnering Kampen 2017"]
[Site "Kampen bydelshus, Oslo"]
[Date "2017.08.28"]
[Round "3"]
[White "Ytrestøl, Gisle"]
[Black "Haug, Kjell M"]
[Result "0-1"]
[WhiteElo "1487"]
[BlackElo "1531"]

1.e4 e5 2.Bc4 Nf6 3.d3 Be7 4.f4 exf4 5.Bxf4 d6 6.Nf3 O-O 7.Nc3 Nbd7 8.Qe2 a5 9.Nd5 Nxd5 10.exd5 Nb6 11.O-O-O Bf6 12.g4 Bxg4 13.Qg2 Bxf3 14.Qxf3 Bg5 15.Rdg1 Bxf4+ 16.Qxf4 g6 17.h4 Nd7 18.d4 Qf6 19.Qg4 Nb6 20.Bd3 Nxd5 21.Kb1 Qf4 22.Qh3 Qe3 23.Rg3 Qh6 24.h5 Nf4 25.Qf1 Nxh5 26.Qg2 Rae8 27.Rg5 Kh8 28.c3 Rg8 29.Rxa5 Qe3 30.Bc4 Re7 31.Rg5 Rge8 32.Rh3 Qe1+ 33.Kc2 Nf4 34.Rxh7+ Kxh7 35.Qh2+ Kg7 36.Qxf4 Qe4+
0-1

[Event "Høstturnering Kampen 2017"]
[Site "Kampen bydelshus, Oslo"]
[Date "2017.08.28"]
[Round "3"]
[White "Kortner, Henrik"]
[Black "Simonsen, Helge"]
[Result "1/2-1/2"]
[WhiteElo "1424"]
[BlackElo "1427"]

1. e4 e5 2. f4 d5 3. exd5 e4 4. d3 Nf6 5. dxe4 Nxe4 6. Nf3 Bc5 7. Qe2 Bf5 8.
Nc3 Qe7 9. Be3 Bxe3 10. Qxe3 Nxc3 11. Qxe7+ Kxe7 12. bxc3 Bxc2 13. Kd2 Ba4 14.
Bd3 Nd7 15. Rhe1+ Kd6 16. c4 Nc5 17. Ng5 Raf8 18. Ne4+ Nxe4+ 19. Rxe4 Bd7 20.
Rae1 g6 21. Kc3 Re8 22. Rxe8 Rxe8 23. Rxe8 Bxe8 24. Kd4 b6 25. Be4 f6 26. h4 h6
27. g4 g5 28. hxg5 hxg5 29. fxg5 fxg5 30. Bf3
1/2-1/2

[Event "Høstturnering Kampen 2017"]
[Site "Kampen bydelshus, Oslo"]
[Date "2017.08.28"]
[Round "3"]
[White "Berg-Olsen, Henrik Seljeset"]
[Black "Hem, Geir"]
[Result "1-0"]
[WhiteElo "1232"]
[BlackElo "1380"]

1.c4 e5 2.Nc3 Bb4 3.Nf3 Bxc3 4.bxc3 d6 5.d4 e4 6.Nd2 Nf6 7.g3 O-O 8.Bg2 Re8 9.O-O Bg4 10.f3 exf3 11.exf3 Bh5 12.Qb3 b6 13.f4 c6 14.Ba3 Re2 15.Nf3 Ng4 16.Rfe1 Qe8 17.Rxe2 Qxe2 18.Re1 Qf2+ 19.Kh1 Ne3 20.Qb2 Qxb2 21.Bxb2 f6 22.Rxe3 c5 23.Nd2
1-0

[Event "Høstturnering Kampen 2017"]
[Site "Kampen bydelshus, Oslo"]
[Date "2017.08.28"]
[Round "3"]
[White "Jørgensen, Asle"]
[Black "Wågene, Rune Arild"]
[Result "1-0"]
[WhiteElo "1377"]
[BlackElo "743"]

1. d4 Nf6 2. Nf3 d6 3. c4 c6 4. Nc3 g6 5. Bg5 Bg7 6. e4 0-0 7. Be2 Na6 8. e5 dxe5 9. exd5 Qxd1 10. Rxd1 Ng4 11. Bf4 f6 12. h3 Nxe5 13. Nxe5 fxe5 14. Bg3 Bf5 15. 0-0 e4 16. Bh4 e5 17. g4 Be6 18. Nxe4 c5 19. b3 Nb4 20. Nxc5 Bc8 21. Rd2 b6 22. Ne4 Bb7 23. Nd6 Bc6 24. a3 Na6 25. b4 Ba4 26. Ne4 h6 27. b5 Nc5 28. Nxc5 bxc5 29. Be7 Rfc8 30. Rd5 a6 31. b6 Rab8 32. Rxc5 Rxc5 33. Bxc5 Bf8 34. Bxf8 Kxf8 35. c5 a5 36. Bf3 Ke7 37. Rc1 Kd7 38. Be4 g5 39. c6+ Kc8 40. Bf5+
1-0

[Event "Høstturnering Kampen 2017"]
[Site "Kampen bydelshus, Oslo"]
[Date "2017.08.28"]
[Round "3"]
[White "Nordsveen, Ole Kristian"]
[Black "Hageland, Harald"]
[Result "1-0"]
[WhiteElo "1175"]
[BlackElo "1337"]

1. e4 c5 2. Nf3 Nc6 3. c3 d6 4. d4 cxd4 5. cxd4 Bg4 6. Be2 Bxf3 7. Bxf3 Qb6 8. d5 Nb8 9. Qa4+ Nd7 10. Bg4 Nf6 11. Bh3 O-O-O 12. O-O Kb8 13. Nc3 Nc5 14. Qc4 Qa6 15. Nb5 Qa4 16. b4 Nfd7 17. Bxd7 Rxd7 18. Be3 b6 19. Rac1 Qa6 20. bxc5 dxc5 21. Bf4+ Kb7 22. Rc3
1-0

[Event "Høstturnering Kampen 2017"]
[Site "Kampen bydelshus, Oslo"]
[Date "2017.08.28"]
[Round "4"]
[White "Ytteborg, Jan Henrik"]
[Black "Nordsveen, Ole Kristian"]
[Result "1-0"]
[WhiteElo "1565"]
[BlackElo "1175"]

1. e4 c5 2. Nf3 d6 3. Bc4 Nf6 4. Nc3 Nc6 5. h3 e6 6. d4 cxd4 7. Nxd4 Be7 8. 0-0 h6
9. a3 0-0 10. b4 a6 11. Be3 Ne5 12. Bb3 b5 13. Nce2 Nxe4 14. f4 Nc4 15. Bc1 e5 16.
Nf3 Qb6+ 17. Kh2 exf4 18. Bxc4 bxc4 19. Nxf4 Bf6 20. Nd5 Qd8 21. Nxf6+ Qxf6 22.
Be3 Bb7 23. Nd4 Qg6 24. Nf5 Rfe8 25. Qd4 Re5 26. Qxe5 dxe5 27. Ne7+ Kh7 28. Nxg6
Kxg6 29. Rad1 Bc6 30. Rfe1 f5 31. Bc1 Kf6 32. Bb2 g5 33. Rf1 c3 34. Bxc3 Bb5 35.
Rf3 Nxc3 36. Rxc3 f4 37. Rd6+ Kf5 38. Rxh6 Rd8 39. Rc5 Rd2 40. c4 f3 41. Kg1 Rxg2+
42. Kf1 Ba4 43. Rh8 Bc2 44. Rf8+ Ke4 45. Rd5 Ke3 46. Rxe5+ Be4 47. Rxf3+ Kxf3 48.
Rxe4 Rh2 49. Kg1 Rg2+ 50. Kh1 Rg3 51. Kh2 Rg2+ 52. Kh1 Rg3 53. Re6 Rxh3+ 54. Kg1
Rg3+ 55. Kf1 Rh3 56. Rf6+ Ke4 57. Rxa6 Rf3+ 58. Kg2 g4 59. a4 Ke3 60. Rg6 Rf2+ 61.
Kg3 Rf4 62. Rxg4 Rf3+ 63. Kh4 Rf2 64. c5 Rb2 65. b5 Rh2+ 66. Kg5 Rh7 67. Kf6 Rh6+
68. Ke7 Rh7+ 69. Kd6 Rh6+ 70. Kc7 Rh7+ 71. Kb6 Rh6+ 72. c6 Rh8 73. c7 Rh6+ 74. Kb7
1-0

[Event "Høstturnering Kampen 2017"]
[Site "Kampen bydelshus, Oslo"]
[Date "2017.08.28"]
[Round "4"]
[White "Haug, Kjell M"]
[Black "Kortner, Henrik"]
[Result "0-1"]
[WhiteElo "1531"]
[BlackElo "1424"]

1. d4 Nf6 2. c4 g6 3. Nc3 Bg7 4. Nf3 O-O 5. e4 d6 6. Be2 c6 7. O-O e5 8. d5
cxd5 9. cxd5 Nbd7 10. a3 a5 11. Be3 Ng4 12. Bd2 Nc5 13. h3 Nh6 14. b4 axb4 15.
axb4 Rxa1 16. Qxa1 Nb3 17. Qb2 Nxd2 18. Nxd2 f5 19. exf5 Nxf5 20. Bg4 Nd4 21.
Bxc8 Qxc8 22. Nde4 Qd7 23. b5 Rc8 24. Rb1 Kh8 25. Qa3 Bf8 26. b6 Qf5 27. Rb2
Qd7 28. Qb4 Ra8 29. Rb1 Be7 30. f4 Ne2+ 31. Nxe2 Ra4 32. Qb2 Rxe4 33. fxe5 Rxe5
34. Ra1 Bf6 35. Ra8+ Kg7 36. Qd2 Qb5 37. Nf4 Qxb6+ 38. Kh2 Qe3 39. Qxe3 Rxe3
40. Ne6+ Kf7 41. Rb8 Rb3 42. Rc8 Be5+ 43. Kg1 b5 44. Rc7+ Kf6 45. Rxh7 b4 46.
Rb7 Rb1+ 47. Kf2 b3 48. Rb4 b2 49. Nf8 Bc3 50. Rb3 Rc1 51. Nd7+ Kg5
0-1

[Event "Høstturnering Kampen 2017"]
[Site "Kampen bydelshus, Oslo"]
[Date "2017.08.28"]
[Round "4"]
[White "Simonsen, Helge"]
[Black "Berg-Olsen, Henrik Seljeset"]
[Result "0-1"]
[WhiteElo "1427"]
[BlackElo "1232"]

1.e4 c5 2.Nf3 e6 3.d4 cxd4 4.Nxd4 a6 5.c4 Bc5 6.Nb3 Ba7 7.Nc3 Nc6 8.Be2 d6 9.O-O h6 10.Kh1 Nf6 11.f4 O-O 12.a3 Qc7 13.Qd3 Rd8 14.Be3 b6 15.Rad1 Bb7 16.Bf3 Rac8 17.Qe2 Bb8 18.g4 Ne7 19.g5 hxg5 20.fxg5 Nh7 21.Qf2 Qxc4 22.Nd2 Qc6 23.Bxb6 Bc7 24.Be3 Ng6 25.Bh5 Rf8 26.Bxg6 fxg6 27.Qh4 d5 28.exd5 exd5 29.Bd4 Bb6 30.Nf3 Bxd4 31.Qxd4 Qc4 32.Kg1 Rf4 33.Qxc4 dxc4 34.Ne5 Rcf8 35.Nxg6 Rg4#
0-1

[Event "Høstturnering Kampen 2017"]
[Site "Kampen bydelshus, Oslo"]
[Date "2017.08.28"]
[Round "4"]
[White "Hageland, Harald"]
[Black "Hem, Geir"]
[Result "0-1"]
[WhiteElo "1337"]
[BlackElo "1380"]

1. c4 e5 2. Nc3 Bb4 3. a3 Bxc3 4. bxc3 d6 5. g3 Bd7 6. Bg2 Bc6 7. Bxc6+ Nxc6 8.
e4 Nf6 9. d3 h6 10. Qf3 O-O 11. Ne2 Qd7 12. O-O Qe6 13. Kg2 Nh7 14. Qe3 f5 15.
f4 fxe4 16. Qxe4 Nf6 17. Qe3 Ng4 18. Qe4 Nf6 19. Qe3 Rae8 20. Bb2 Ng4 21. Qd2
exf4 22. Nxf4 Ne3+ 23. Kg1 Nxf1 24. Rxf1 Qg4 25. Rf2 g5 26. Nd5 Rxf2 27. Kxf2
Rf8+
0-1

[Event "Høstturnering Kampen 2017"]
[Site "Kampen bydelshus, Oslo"]
[Date "2017.08.28"]
[Round "4"]
[White "Skurtveit, Lasse"]
[Black "Barrientos, Carlos"]
[Result "1-0"]
[WhiteElo "1223"]
[BlackElo "1291"]

1. e4 e5 2. Nf3 d6 3. Bc4 Be6 4. Bb3 Nd7 5. Nc3 Be7 6. d3 Ngf6 7. O-O h6 8. h3
c6 9. Re1 Nc5 10. Bxe6 fxe6 11. Be3 b6 12. Qd2 Qc7 13. Bxc5 bxc5 14. Rab1 O-O
15. Ne2 Nh7 16. c4 Rxf3 17. gxf3 Ng5 18. Kg2 Rf8 19. f4 exf4 20. Nxf4 e5 21.
Nh5 Nf3 22. Qe2 Bh4 23. Ng3 Qf7 24. Nf5 Nxe1+ 25. Rxe1 Qg6+ 26. Qg4 Qxg4+ 27.
hxg4 Bg5 28. Nxd6 Rd8 29. Nb7 Rxd3 30. Nxc5 Rd2 31. Rb1 Be3 32. Nb3 Rxf2+ 33.
Kg3 Rc2 34. Na5 Bf4+ 35. Kf3 Kh7 36. Nxc6 Rxc4 37. Nxa7 Ra4 38. Nc6 Rxa2 39. b4
Ra3+ 40. Kf2 Kg6 41. b5 Kg5 42. b6 Be3+ 43. Kg2 Bxb6 44. Nxe5 Ra2+ 45. Kf3 Ra3+
46. Kg2 Bd4 47. Nf3+ Kxg4 48. Nxd4 Ra2+ 49. Kf1 Kf4 50. Ne2+ Kxe4 51. Nc3+ Kf4
52. Nxa2 g5 53. Kg2 h5 54. Rh1 h4 55. Rh3 Kg4 56. Nc3 Kh5 57. Rd3 Kg4 58. Ne4
Kf4 59. Nxg5
1-0

[Event "Høstturnering Kampen 2017"]
[Site "Kampen bydelshus, Oslo"]
[Date "2017.08.28"]
[Round "4"]
[White "Solstad, Geir"]
[Black "Wågene, Rune Arild"]
[Result "1-0"]
[WhiteElo "1277"]
[BlackElo "743"]

1. d4 Nf6 2. c4 d6 3. Nc3 g6 4. Bg5 Bg7 5. h3 c6 6. Nf3 Na6 7. e3 Nc7 7. Bd3 O-O 9. O-O d5 10. b3 h6 11. Bh4 Nh5 12. Nh2 Bf6 13. Bxf6 Nxf6 14. f4 Kg7 15. Nf3 Nh7 16. Ne5 f5 17. Qf3 e6 18. Qg3 Qf6 19. h4 h5 20. Be2 Kh8 21. Nxg6+ Qxg6 22. Qxg6 Rg8 23. Qxh5 Rg7 24. Kf2 Bd7 25. Rg1 Rag8 26. g3 Be8 27. Qf3 Nf6 28. Qh1 Rh7 29. Rg2 Bh5 30. Bxh5 Rxh5 31. Rag1 Ng4+ 32. Ke2 Rg7 33. Nd1 Na6 34. a3 dxc4 35. bxc4 c5 36. Nf2 cxd4 37. exd4 Rd7 38. Nxg4 fxg4 39. Rd1 Ra5 40. Rd3 Rh5 41. Qd1 b6 42. Ke3 Rg7 43. Qa4 Nb8 44. Qe8+
1-0

[Event "Høstturnering Kampen 2017"]
[Site "Kampen bydelshus, Oslo"]
[Date "2017.08.28"]
[Round "5"]
[White "Farner, Geir"]
[Black "Skurtveit, Lasse"]
[Result "0-1"]
[WhiteElo "1539"]
[BlackElo "1223"]

1. d4 d5 2. c4 c6 3. Nf3 Nf6 4. Nc3 Bf5 5. cxd5 cxd5 6. Qb3 b6 7. Bf4 e6 8. e3
Be7 9. Bb5+ Nbd7 10. O-O O-O 11. Nh4 Bg4 12. f3 Nh5 13. fxg4 Nxf4 14. Nf3 Ng6
15. g5 Bd6 16. Rac1 Rc8 17. Ba6 Ra8 18. Nb5 Qe7 19. Nxd6 Qxd6 20. Rc3 e5 21.
Bb7 exd4 22. exd4 Rad8 23. Bxd5 Nf4 24. Bc4 b5 25. Bd3 Nxd3 26. Rxd3 Nc5 27.
Qxb5 Nxd3 28. Qxd3 Rfe8 29. Qc4 Qe6 30. Rc1 Rc8 31. Qf1 Qe3+
0-1

[Event "Høstturnering Kampen 2017"]
[Site "Kampen bydelshus, Oslo"]
[Date "2017.08.28"]
[Round "5"]
[White "Hem, Geir"]
[Black "Simonsen, Helge"]
[Result "0-1"]
[WhiteElo "1380"]
[BlackElo "1427"]

1. d4  Nf6 2. Bf4 e6 3. e3 d5 4. Nf3
c5 5. c3 Nc6 6. h4 Be7 7. Bd3 b6 8. Nbd2 Bb7 9. a3 Rc8 10. Ne5 Nxe5 11. dxe5
Nd7 12. Qg4 Bf8 13. Nf3 h6 14. h5 Qe7 15. Bg3 a6 16. Bh4 f6 17. Bg6+ Kd8 18.
exf6 gxf6 19. O-O-O Bc6 20. Kb1 Kc7 21. Bg3+ Kb7 22. e4 Bg7 23. exd5 Bxd5 24.
Be4 Bxe4+ 25. Qxe4+ Ka7 26. Rd6 e5 27. Rhd1 Rhd8 28. Nh4 Bf8 29. Qd5 Qxd6 30.
Qxd6 Bxd6 31. Rxd6 Kb7 32. Nf5 Kc7 33. Kc2 Rg8 34. Rd1 Rg5 35. Ne7 Re8 36. Nd5+
Kc6 37. Bh4 Rxg2 38. Bg3 f5 39. Ne3 Rxg3 40. fxg3 f4 41. gxf4 exf4 42. Nf5 Re2+
43. Kc1 Re5 44. Nxh6 Rxh5 45. Nf7 f3 46. Nd8+ Kc7 47. Ne6+ Kc8 48. Rf1 Ne5 49.
Nf4 Rh4 50. Nd5 b5 51. b3 Rh2 52. Ne3 Re2 53. Nd1 Kc7 54. Nf2 Kd7 55. Kb1 Kd6
56. Rd1+ Ke6 57. Kc1
0-1

[Event "Høstturnering Kampen 2017"]
[Site "Kampen bydelshus, Oslo"]
[Date "2017.08.28"]
[Round "5"]
[White "Kortner, Henrik"]
[Black "Berg-Olsen, Henrik Seljeset"]
[Result "1-0"]
[WhiteElo "1424"]
[BlackElo "1232"]

1. e4 c5 2. Nf3 e6 3. d4 cxd4 4. Nxd4 a6 5. Nc3 Be7 6. Be3 b5 7. Qd2 Bb7 8. f3
Bc5 9. Nb3 Bxe3 10. Qxe3 Nf6 11. O-O-O O-O 12. h4 Qc7 13. Bd3 d6 14. Rh3 Nbd7
15. Kb1 Nc5 16. e5 Ne8 17. exd6 Nxd6 18. Qxc5 Qxc5 19. Nxc5 Rfd8 20. Nxb7 Nxb7
21. Rhh1 f5 22. Rhe1 Rd6 23. g4 g6 24. h5 Rad8 25. hxg6 hxg6 26. gxf5 gxf5 27.
Rh1 b4 28. Ne2 Nc5 29. Nf4 e5 30. Bc4+ Kg7 31. Rxd6 Rxd6 32. Nd3 Nxd3 33. Bxd3
Kg6 34. Rg1+ Kf6 35. Kc1 a5 36. Rg8 Kf7 37. Ra8 Rd5 38. Bc4
1-0

[Event "Høstturnering Kampen 2017"]
[Site "Kampen bydelshus, Oslo"]
[Date "2017.08.28"]
[Round "5"]
[White "Wågene, Rune Arild"]
[Black "Hageland, Harald"]
[Result "0-1"]
[WhiteElo "743"]
[BlackElo "1337"]

1. Nf3 c5 2. d4 e6 3. g3 d5 4. c3 Nc6 5. Bg2 Nf6 6. Bg5 h6 7. Bxf6 Qxf6 8. Na3
Qd8 9. Nc2 Bd6 10. a3 c4 11. O-O O-O 12. Ne3 f5 13. Bh3 Qc7 14. Ng2 Qe7 15.
Ngh4 Qf6 16. e3 g5 17. Nxf5 exf5 18. Bg2 Be6 19. h3 Rad8 20. Nh2 Rf7 21. Qh5
Rg7 22. g4 Bf7 23. Rae1 Bxh2+ 24. Kxh2 Qd6+ 25. f4 Bxh5
0-1